KAIZEN - čo sa skrýva za týmto pojmom?

KAIZEN - kľúč vedúci k úspechu japonských firiem. Ciele zavedenia KAIZEN. Prínosy a zásady uplatňované v rámci KAIZEN. KAIZEN a iné stratégie a techniky. KAIZEN a inovácie.

Gespeichert in:
Bibliographische Detailangaben
1. Verfasser: Gregor, M.
Weitere Verfasser: Košturiak, Ján
Format: Buchkapitel
Sprache:Slowakisch
Schlagworte:
Tags: Tag hinzufügen
Keine Tags, Fügen Sie das erste Tag hinzu!

MARC

LEADER 00000naa a2200000 4500
001 r024832
005 20221129133924.9
041 0 |a slo 
044 |a CZ 
245 1 0 |a KAIZEN - čo sa skrýva za týmto pojmom?  |c M. Gregor, Ján Košturiak 
520 |a KAIZEN - kľúč vedúci k úspechu japonských firiem. Ciele zavedenia KAIZEN. Prínosy a zásady uplatňované v rámci KAIZEN. KAIZEN a iné stratégie a techniky. KAIZEN a inovácie. 
610 2 0 |a stratégia podniková 
610 2 0 |a manažment 
610 2 0 |a Japonsko 
610 2 0 |a KAIZEN 
610 2 0 |a firmy 
610 2 0 |a výroba 
610 2 0 |a kvalita výrobkov 
610 2 0 |a zákazníci 
610 2 0 |a plánovanie výroby 
610 2 0 |a znižovanie nákladov 
610 2 0 |a inovácia 
100 1 |a Gregor, M. 
700 1 |a Košturiak, Ján